000 00648nmm a2200253 a 4500
003 AR-BaBNM
005 20251128211523.0
008 284120s1998 ||||||||||||||000 | spa||
020 _a950-786-175-0
040 _cAR-BaBNM
100 1 _aFerro, Roberto
245 1 0 _aLa ficción
_bun caso de sonambulismo teórico
250 _a1ª ed.
260 _aBuenos Aires
_bBiblos
_c1998
300 _a144 p.
650 4 _aTEORIA LITERARIA
650 4 _aLITERATURA ARGENTINA
650 4 _aCRITICA LITERARIA
650 4 _aLITERATURA LATINOAMERICANA
653 _aESTUDIOS LITERARIOS
655 _aLITERATURA
942 _cBK
998 _cmartin
999 _c20008
_d20008